000 00871nam a2200193 a 4500
001 000031228
005 20240305082246.0
008 110615s1984 dr a 000 | spa d
040 _aDO-SdBNP
_bspa
_cBNPHU
082 _axxx
_bP438p
100 1 _aPérez Memén, Fernando,
_d1943-
_938744
245 1 3 _aLa política religiosa de Toussaint L'Ouverture en Santo Domingo /
_cFernando Pérez Memén.
260 _aSanto Domingo :
_bTaller,
_c1984.
300 _a26 p. :
_bil. ;
_c23 cm.
490 1 _aCiclo de conferencias pensamiento dominicano
_v6
500 _aPonencia presentada por el Dr. Fernando A. Pérez Memén en el Primer Congreso de Historiadores Dominicanos, organizado por el Museo Nacional de Historia y Geografía, Museo de las Casas Reales y Fundación García Arévalo.
830 0 _aCiclo de conferencias pensamiento dominicano;
_n6
_957697
049 _aBNPD
999 _c30720
_d30720